| Tag |
First Indicator |
Second Indicator |
Subfields |
| LEADER |
00000cam a2200000 4500 |
| 001 |
in00000078393 |
| 005 |
20151008052808.0 |
| 008 |
720209s1947 nyu 00000 eng u |
| 010 |
|
|
|a 46006309
|
| 035 |
|
|
|a (OCoLC)00237516
|
| 035 |
|
|
|9 AAH4915AM
|
| 040 |
|
|
|c WSU
|d TXA
|d UtOrBLW
|
| 049 |
|
|
|a TXAM
|c 1 [138519]
|
| 050 |
|
0 |
|a HE151
|b .B5
|
| 092 |
|
|
|a 385
|b B592t
|
| 100 |
1 |
|
|a Bigham, Truman Cicero,
|d 1896-
|
| 245 |
1 |
0 |
|a Transportation: principles and problems /
|c by Truman C. Bigham ...
|
| 250 |
|
|
|a 1st ed.
|
| 264 |
|
1 |
|a New York,
|a London :
|b McGraw-Hill book company, inc.,
|c 1947.
|
| 300 |
|
|
|a 626 pages
|
| 336 |
|
|
|a text
|b txt
|2 rdacontent
|
| 337 |
|
|
|a unmediated
|b n
|2 rdamedia
|
| 338 |
|
|
|a volume
|b nc
|2 rdacarrier
|
| 650 |
|
0 |
|a Transportation.
|
| 650 |
|
0 |
|a Transportation
|z United States.
|
| 999 |
|
|
|a MARS
|
| 999 |
f |
f |
|s 4bb03707-4c89-3af8-882a-a5973451e166
|i 52ef74bc-8f04-3983-b749-c86cec7ff73d
|t 0
|
| 952 |
f |
f |
|p ric
|a Texas A&M University
|b Rellis Campus
|c Joint Library Facility
|d Remote Storage
|t 0
|e HE151 .B5
|h Library of Congress classification
|i unmediated -- volume
|m A14800877470
|
| 998 |
f |
f |
|a HE151 .B5
|t 0
|l Remote Storage
|